000
00350nam a2200133Ia 4500
008
191206s9999 xx 000 0 und d
020
_a
177922043X
090
_a
PR93908W75
245
0
_a
Writing Now: More stories from Zimbabwe
260
_a
Weaver Press
260
_c
c2005
300
_a
"xvi, 304 p. ; 21 cm."
999
_c
17333
_d
17333